| 000 | 00359 a2200157 4500 | ||
|---|---|---|---|
| 001 | 152624 | ||
| 040 | _cEscola São Tomás de Aquino | ||
| 100 | _aJAF, Ivan | ||
| 240 | 1 | 0 |
_aDona Casmurra e seu tigrão _lpor |
| 245 | 1 | 0 | _aDona Casmurra e seu tigrão |
| 300 | _a160 | ||
| 362 | 0 | _a2014 | |
| 440 | 1 | _aÁtica | |
| 697 | _a*LITERATURA JUVENIL | ||
| 942 | _cBK | ||
| 999 |
_c152624 _d152624 |
||